Benchmarking-nástroj zvyšovania konkurencieschopnosti vzdelávacej inštitúcie

Interné a externé využívanie benchmarkingu v rámci vzdelávacej inštitúcie. Interné porovnávanie vytvára referenčné body na meranie zlepšenia, zatiaľ čo externá aplikácia umožňuje inštitúcii porovnávať stav a kvalitu vlastných služieb s tými, ktoré ponúkajú konkurenčné vzdelávacie inštitúcie.

Guardado en:
Detalles Bibliográficos
Autor principal: Hasprová, Mária, 1970-
Otros Autores: Žák, Štefan, 1971-
Formato: Capítulo de libro
Lenguaje:eslovaco
Materias:
Etiquetas: Agregar Etiqueta
Sin Etiquetas, Sea el primero en etiquetar este registro!

MARC

LEADER 00000naa$a2200000$$$4500
001 0068091
005 20240502071823.3
041 0 |a slo 
044 |a SK 
245 1 0 |a Benchmarking-nástroj zvyšovania konkurencieschopnosti vzdelávacej inštitúcie  |c Mária Hasprová, Štefan Žák 
520 |a Interné a externé využívanie benchmarkingu v rámci vzdelávacej inštitúcie. Interné porovnávanie vytvára referenčné body na meranie zlepšenia, zatiaľ čo externá aplikácia umožňuje inštitúcii porovnávať stav a kvalitu vlastných služieb s tými, ktoré ponúkajú konkurenčné vzdelávacie inštitúcie. 
610 2 0 |a benchmarking 
610 2 0 |a inštitúcia 
610 2 0 |a vzdelávanie 
610 2 0 |a konkurencieschopnosť 
610 2 0 |a školy vysoké 
100 1 |a Hasprová, Mária, 1970- 
700 1 |a Žák, Štefan, 1971-